| 000 | 01463cam a2200217 4500 | ||
|---|---|---|---|
| 001 | ##ABS67186 | ||
| 008 | 031029n2003 000 0 eng u | ||
| 035 | _a(Sirsi) u124154 | ||
| 041 | 0 | _aeng | |
| 100 | 1 | _aBlackman, D. | |
| 245 | 0 | 0 | _aFanfare for the common man |
| 260 | _c2003 | ||
| 490 | 0 |
_aAxis _v57(9) September/October 2003, 10-11(2) |
|
| 520 | _aAsks whether the government is seriously committed to community empowerment in the planning system. Sees the ODPM's as yet unpublished proposals for the statements of community involvement (promised in the Planning Bill) that councils will have to prepare when writing their local development frameworks, as the acid test of this commitment. Describes the history of Labour's interest in the idea of community from the 1980s onwards and New Labour's difficulty in translating abstract concepts into practical policy. Points out ODPM's mistaken belief that speeding up the planning system and increasing community involvement can be achieved at the same time. Runs through a spectrum of expert opinion on whether government planning reforms will enable communities to be effectively involved in planning processes. | ||
| 590 | _aABS | ||
| 650 | 2 | 4 | _aPLANNING AND COMPULSORY PURCHASE ACT 2004 |
| 650 | 2 | 4 | _aSTATEMENTS OF COMMUNITY INVOLVEMENT |
| 651 | 4 |
_aEngland _y886- |
|
| 690 | _aENVIRONMENTAL AND LAND CONSULTANCY-PLANNING AND DEVELOPMENT-PLANNING GUIDANCE-LOCAL DEVELOPMENT PLANS | ||
| 942 | _n0 | ||
| 999 |
_c73690 _d73690 |
||